[Event "36th Reykjavik op"]
[Site "Reykjavik ISL"]
[Date "2023.04.03"]
[Round "8.194"]
[White "Rusten, Daniel Garatun"]
[Black "Asgeirsson, Adalsteinn Egill"]
[WhiteElo "1169"]
[BlackElo "1052"]
[Result "1-0"]
[EventDate "2023.03.29"]
[PlyCount "111"]

1. e4 e5 2. Nf3 Nc6 3. Bb5 d6 4. O-O Nf6 5. Re1 Bg4 6. c3 a6 7. Ba4 b5 8. Bc2 d5
9. exd5 Qxd5 10. d4 O-O-O 11. dxe5 Ne8 12. Qxd5 Rxd5 13. Be4 Rc5 14. Be3 Rc4 15.
Nbd2 Rxe4 16. Nxe4 g6 17. Nc5 f6 18. e6 Ng7 19. Bf4 Bxc5 20. Rad1 Nxe6 21. Be3 Bxe3
22. Rxe3 Bxf3 23. gxf3 Nf4 24. Rde1 Kd7 25. Rd1+ Kc8 26. Rde1 Kb7 27. Re4 Nh3+ 28.
Kg2 Ng5 29. Re8 Rxe8 30. Rxe8 f5 31. Rh8 f4 32. h4 Nf7 33. Rxh7 Nfe5 34. Rh8 Nd3
35. b3 b4 36. cxb4 Ncxb4 37. a3 Nc2 38. a4 Nc5 39. Rg8 Nxb3 40. Rxg6 c5 41. h5 Ne3+
42. fxe3 fxe3 43. Re6 Nd4 44. Rxe3 Nf5 45. Re5 c4 46. Rxf5 Kc6 47. h6 c3 48. Rf8
Kc7 49. Re8 c2 50. Re1 Kb6 51. h7 a5 52. h8=Q c1=Q 53. Rxc1 Ka6 54. Rc6+ Kb7 55.
Qc8+ Ka7 56. Ra6#  1-0

[Event "36th Reykjavik op"]
[Site "Reykjavik ISL"]
[Date "2023.04.04"]
[Round "9.2"]
[White "Papp, Gabor"]
[Black "Yilmaz, Mustafa"]
[WhiteElo "2544"]
[BlackElo "2629"]
[Result "1/2-1/2"]
[EventDate "2023.03.29"]
[PlyCount "74"]

1. e4 e5 2. Nf3 Nc6 3. d4 exd4 4. Nxd4 Nf6 5. Nxc6 bxc6 6. Nd2 d5 7. exd5 cxd5 8.
Bb5+ Bd7 9. Bxd7+ Qxd7 10. O-O Be7 11. b3 O-O 12. Bb2 Rfe8 13. Qf3 c5 14. Rad1 Rad8
15. Rfe1 Ng4 16. Nf1 d4 17. h3 Nh6 18. c3 Nf5 19. cxd4 Nxd4 20. Qd3 Bf6 21. Kh1 Qc7
22. Rxe8+ Rxe8 23. Ng3 Qf4 24. Rf1 g6 25. Bc1 Qe5 26. Bd2 Qd5 27. Re1 Rxe1+ 28. Bxe1
Qe6 29. Bd2 Nc6 30. Qe4 Qxe4 31. Nxe4 Bd4 32. g4 Nb4 33. a4 Kf8 34. Kg2 Ke7 35. Kf3
f5 36. gxf5 gxf5 37. Nc3 a6  1/2-1/2

[Event "36th Reykjavik op"]
[Site "Reykjavik ISL"]
[Date "2023.04.04"]
[Round "9.4"]
[White "Visakh, N. R."]
[Black "Tari, Aryan"]
[WhiteElo "2538"]
[BlackElo "2649"]
[Result "1/2-1/2"]
[EventDate "2023.03.29"]
[PlyCount "154"]

1. d4 d5 2. c4 e6 3. Nf3 Nf6 4. Nc3 dxc4 5. e4 b5 6. e5 Nd5 7. Nxb5 Nb6 8. Be2 Nc6
9. O-O Be7 10. Be3 O-O 11. Qc1 Nb4 12. Rd1 Bb7 13. Ne1 N4d5 14. Bxc4 Nxe3 15. fxe3
Bg5 16. b3 Bh6 17. Nf3 Nxc4 18. bxc4 f6 19. d5 fxe5 20. Nxe5 Qg5 21. Nc6 Bxc6 22.
dxc6 a6 23. Nd4 Qg4 24. Qc3 Rad8 25. Re1 e5 26. Nc2 a5 27. Qxa5 Qxc4 28. Na3 Qd3
29. Qa4 Bxe3+ 30. Kh1 Bd2 31. Red1 e4 32. Nc4 Ra8 33. Qb3 Qxb3 34. axb3 Rxa1 35.
Rxa1 Bc3 36. Rd1 Rf6 37. Kg1 h5 38. g3 Rxc6 39. Kf2 Re6 40. Rd8+ Kh7 41. Rd5 Kh6
42. Ke3 Bf6 43. h4 g5 44. hxg5+ Bxg5+ 45. Ke2 Be7 46. Ne3 Kg6 47. Nf5 Bf6 48. Nh4+
Kh6 49. Nf5+ Kg5 50. Ne3+ Kg6 51. Nc4 Re8 52. Rc5 Re7 53. Ke3 Bg5+ 54. Ke2 Bf6 55.
Ke3 Bg5+ 56. Ke2 Kf6 57. Ne3 Bxe3 58. Kxe3 Rg7 59. Rxh5 Rxg3+ 60. Kxe4 Rxb3 61. Kd4
Ke6 62. Rh6+ Kd7 63. Kc4 Rb6 64. Rxb6 cxb6 65. Kb5 Kc7 66. Kb4 Kc6 67. Kc4 b5+ 68.
Kb4 Kb6 69. Kb3 Kc5 70. Kc3 b4+ 71. Kb3 Kb5 72. Kb2 Ka4 73. Ka2 b3+ 74. Kb2 Kb4 75.
Kb1 Kc3 76. Kc1 b2+ 77. Kb1 Kb3  1/2-1/2

[Event "36th Reykjavik op"]
[Site "Reykjavik ISL"]
[Date "2023.04.04"]
[Round "9.5"]
[White "Gupta, Abhijeet"]
[Black "Lie, Kjetil"]
[WhiteElo "2620"]
[BlackElo "2515"]
[Result "1-0"]
[EventDate "2023.03.29"]
[PlyCount "61"]

1. d4 d5 2. c4 dxc4 3. Nf3 Nf6 4. e3 e6 5. Bxc4 a6 6. O-O Be7 7. Bd3 c5 8. dxc5 Bxc5
9. a3 b6 10. b4 Be7 11. Bb2 Bb7 12. Nc3 Nbd7 13. Qe2 O-O 14. Rfd1 Qb8 15. h3 Rd8
16. Rac1 b5 17. Bb1 Nb6 18. Nd2 Qa7 19. Nce4 Bxe4 20. Nxe4 Rxd1+ 21. Rxd1 Nbd5 22.
Qf3 Rd8 23. Qg3 Kf8 24. Ng5 g6 25. e4 Nb6 26. Rxd8+ Bxd8 27. Qf4 Nbd7 28. e5 Qc7
29. g3 h6 30. Nxe6+ fxe6 31. Qxh6+  1-0

[Event "36th Reykjavik op"]
[Site "Reykjavik ISL"]
[Date "2023.04.04"]
[Round "9.6"]
[White "Stefansson, Hannes"]
[Black "Banusz, Tamas"]
[WhiteElo "2510"]
[BlackElo "2616"]
[Result "0-1"]
[EventDate "2023.03.29"]
[PlyCount "90"]

1. e4 c5 2. Nf3 Nc6 3. Bb5 e6 4. O-O Nge7 5. d4 cxd4 6. Nxd4 Ng6 7. c3 Be7 8. Be3
O-O 9. Re1 Nxd4 10. cxd4 a6 11. Bf1 b5 12. Nc3 Bb7 13. a3 Rc8 14. Qb3 Kh8 15. Rad1
f5 16. exf5 exf5 17. Nd5 Bd6 18. Bd2 Re8 19. Rxe8+ Qxe8 20. Nb4 Nh4 21. d5 Qh5 22.
h3 a5 23. Nd3 a4 24. Qxb5 Qxd1 25. Qxb7 Rg8 26. Bg5 Bh2+ 27. Kxh2 Qxf1 28. Bxh4 Qxd3
29. Qxd7 Qd4 30. Be7 Qe5+ 31. Kg1 Qe1+ 32. Kh2 Qxf2 33. d6 Qf4+ 34. Kh1 Qe4 35. Qc7
f4 36. Qc3 h6 37. Kg1 Kh7 38. Qf3 Qf5 39. Qc6 Rc8 40. Qxa4 Rc1+ 41. Kf2 Qc5+ 42.
Kf3 Qe3+ 43. Kg4 Qg3+ 44. Kf5 Rc5+ 45. Ke6 Qg6+  0-1

[Event "36th Reykjavik op"]
[Site "Reykjavik ISL"]
[Date "2023.04.04"]
[Round "9.7"]
[White "Livaic, Leon"]
[Black "Demuth, Adrien"]
[WhiteElo "2569"]
[BlackElo "2475"]
[Result "1-0"]
[EventDate "2023.03.29"]
[PlyCount "71"]

1. e4 c5 2. Nf3 d6 3. d4 cxd4 4. Nxd4 Nf6 5. Nc3 Nc6 6. Bg5 e6 7. Qd3 Be7 8. O-O-O
Nxd4 9. Qxd4 a6 10. f4 O-O 11. Kb1 b5 12. Bxf6 gxf6 13. Bd3 Bb7 14. Rhe1 Kh8 15.
Nd5 Rg8 16. Nxe7 Qxe7 17. g3 Rad8 18. c3 Rd7 19. Bc2 d5 20. e5 f5 21. Bxf5 Rc7 22.
Bd3 Qc5 23. Rf1 Bc8 24. Rg1 Bd7 25. g4 a5 26. Rc1 Rgc8 27. Qxc5 Rxc5 28. f5 exf5
29. gxf5 b4 30. cxb4 axb4 31. Rxc5 Rxc5 32. Rc1 Rxc1+ 33. Kxc1 Kg7 34. Kd2 d4 35.
f6+ Kh6 36. Bc4  1-0

[Event "36th Reykjavik op"]
[Site "Reykjavik ISL"]
[Date "2023.04.04"]
[Round "9.8"]
[White "Cornette, Matthieu"]
[Black "Mardov, Dimitar"]
[WhiteElo "2563"]
[BlackElo "2445"]
[Result "1-0"]
[EventDate "2023.03.29"]
[PlyCount "143"]

1. d4 Nf6 2. c4 e6 3. Nc3 Bb4 4. Nf3 c5 5. g3 Nc6 6. Bg2 Ne4 7. Bd2 Nxd2 8. Qxd2
cxd4 9. Nxd4 O-O 10. Nc2 Be7 11. O-O a6 12. Rfd1 Qc7 13. Rac1 Ne5 14. Ne3 d6 15.
h4 f5 16. f4 Nf7 17. Nf1 Bd7 18. e4 fxe4 19. Bxe4 Bc6 20. Re1 Bf6 21. Bxc6 Qb6+ 22.
Kh2 bxc6 23. Re4 e5 24. Rxe5 Rae8 25. Re2 Nh6 26. Rce1 Rxe2+ 27. Rxe2 Ng4+ 28. Kg2
Qc5 29. Ne4 Qxc4 30. b3 Qb5 31. Nxd6 Qh5 32. Qd3 Rd8 33. Qc4+ Qd5+ 34. Qxd5+ cxd5
35. Re8+ Rxe8 36. Nxe8 Bd8 37. Kf3 h5 38. Nd6 Kf8 39. Ne3 Nxe3 40. Kxe3 Ke7 41. Nf5+
Kf6 42. Nd4 Be7 43. Nc6 Bc5+ 44. Kf3 Ke6 45. g4 hxg4+ 46. Kxg4 d4 47. Ne5 Bd6 48.
Nd3 a5 49. h5 Be7 50. Ne5 Bd8 51. Nc6 Bb6 52. Kf3 Kf5 53. Ne5 Bc7 54. Ng6 Bd8 55.
a3 d3 56. Ke3 Kg4 57. Kxd3 Kxh5 58. Ne5 Be7 59. Nc4 Kg6 60. Ke4 Kf6 61. Nxa5 Bxa3
62. Nc4 Bc5 63. Ne3 g5 64. Nd5+ Kg6 65. b4 Bd6 66. f5+ Kf7 67. Kf3 Kg7 68. Kg4 Kh6
69. b5 Be5 70. b6 Bd6 71. b7 Bb8 72. Nb4  1-0

[Event "36th Reykjavik op"]
[Site "Reykjavik ISL"]
[Date "2023.04.04"]
[Round "9.9"]
[White "Maze, Sebastien"]
[Black "Sidhant, Mohapatra"]
[WhiteElo "2542"]
[BlackElo "2376"]
[Result "1/2-1/2"]
[EventDate "2023.03.29"]
[PlyCount "83"]

1. e4 e5 2. Nf3 Nf6 3. Nxe5 d6 4. Nd3 Nxe4 5. Nf4 Nc6 6. d4 d5 7. c3 Nf6 8. Bd3 Bd6
9. O-O O-O 10. h3 Ne7 11. Qf3 Re8 12. Be3 c6 13. Nd2 Ng6 14. Nxg6 hxg6 15. Bg5 Be7
16. Rfe1 Nh7 17. Bxe7 Rxe7 18. Qf4 Nf8 19. Nf3 Rxe1+ 20. Rxe1 Be6 21. h4 Rc8 22.
Ng5 Qd7 23. Re3 Re8 24. f3 Bf5 25. Bxf5 gxf5 26. h5 f6 27. Nh3 Rxe3 28. Qxe3 Ne6
29. Qd3 Ng5 30. Nxg5 fxg5 31. Qe3 g4 32. fxg4 fxg4 33. Qe5 Kh7 34. Kh2 Qf7 35. Kg3
Qf1 36. Qf4 Qe1+ 37. Kxg4 Qe2+ 38. Qf3 Qxb2 39. g3 Qxa2 40. Qf5+ Kg8 41. Qe6+ Kh7
42. Qg6+  1/2-1/2

[Event "36th Reykjavik op"]
[Site "Reykjavik ISL"]
[Date "2023.04.04"]
[Round "9.10"]
[White "Pranav, V"]
[Black "Papadiamandis, Elliot"]
[WhiteElo "2545"]
[BlackElo "2323"]
[Result "1-0"]
[EventDate "2023.03.29"]
[PlyCount "63"]

1. c4 Nf6 2. Nc3 c5 3. g3 d5 4. cxd5 Nxd5 5. Bg2 Nxc3 6. bxc3 e5 7. Nf3 Nc6 8. d3
Be7 9. O-O O-O 10. Rb1 Rb8 11. Nd2 Qc7 12. Nc4 Be6 13. f4 Bxc4 14. dxc4 Bf6 15. Qc2
Ne7 16. Be4 h6 17. Qd3 exf4 18. Bxf4 Be5 19. Rxb7 Rxb7 20. Bxe5 Qxe5 21. Bxb7 f5
22. Rd1 Rb8 23. Bf3 f4 24. Kf2 a5 25. a4 Rb2 26. Qd8+ Kf7 27. gxf4 Qxf4 28. Kg2 Nf5
29. Bh5+ Ke6 30. Qe8+ Ne7 31. Qd7+ Kf6 32. Rf1  1-0

[Event "36th Reykjavik op"]
[Site "Reykjavik ISL"]
[Date "2023.04.04"]
[Round "9.11"]
[White "Colpe, Malte"]
[Black "Fier, Alexandr"]
[WhiteElo "2356"]
[BlackElo "2606"]
[Result "1/2-1/2"]
[EventDate "2023.03.29"]
[PlyCount "74"]

1. d4 Nf6 2. c4 g6 3. Nc3 Bg7 4. e4 d6 5. Be2 O-O 6. Be3 e5 7. d5 Na6 8. g4 Nc5 9.
f3 a5 10. h4 h5 11. g5 Ne8 12. Qd2 Bd7 13. O-O-O Qc8 14. Kb1 f6 15. gxf6 Nxf6 16.
Bf1 Rf7 17. Nh3 Nh7 18. Qg2 Qf8 19. Be2 Rf6 20. Rdg1 b6 21. Nb5 Rc8 22. Qg3 Bh6 23.
Qxg6+ Rxg6 24. Rxg6+ Bg7 25. Bh6 Kf7 26. Rxg7+ Qxg7 27. Bxg7 Kxg7 28. Rg1+ Kf6 29.
Ng5 Nf8 30. f4 exf4 31. Bxh5 Bxb5 32. cxb5 Ke5 33. Bg4 Re8 34. Bf5 Kd4 35. Rf1 Nfd7
36. h5 Ne5 37. Rxf4 Rg8  1/2-1/2

[Event "36th Reykjavik op"]
[Site "Reykjavik ISL"]
[Date "2023.04.04"]
[Round "9.12"]
[White "Can, Emre"]
[Black "Karacsonyi, Gellert"]
[WhiteElo "2600"]
[BlackElo "2385"]
[Result "1-0"]
[EventDate "2023.03.29"]
[PlyCount "75"]

1. d4 Nf6 2. c4 e6 3. Nf3 d5 4. g3 dxc4 5. Bg2 a6 6. O-O Nc6 7. Qc2 Nxd4 8. Nxd4
Qxd4 9. Nd2 c3 10. bxc3 Qg4 11. Rb1 Be7 12. Bxb7 Bxb7 13. Rxb7 O-O 14. Rxc7 Bd8 15.
f3 Qh3 16. Rb7 Nd5 17. Ne4 Rc8 18. c4 Bb6+ 19. Nf2 Bc5 20. Qb3 Nf6 21. Be3 Qf5 22.
Rc1 Rfd8 23. Bxc5 Qxc5 24. Qb6 Nd7 25. Qa7 Qxa7 26. Rxa7 Nc5 27. Rc2 Kf8 28. Kf1
h5 29. Ke1 Rd4 30. Rc3 Rb8 31. Nd3 Rb1+ 32. Kd2 Nxd3 33. exd3 Rb2+ 34. Ke3 e5 35.
Rb3 Rxb3 36. axb3 Rd6 37. c5 Re6 38. Ke4  1-0

[Event "36th Reykjavik op"]
[Site "Reykjavik ISL"]
[Date "2023.04.04"]
[Round "9.13"]
[White "Jacobson, Brandon"]
[Black "Kushko, Dmitriy"]
[WhiteElo "2543"]
[BlackElo "2379"]
[Result "1-0"]
[EventDate "2023.03.29"]
[PlyCount "55"]

1. d4 g6 2. e4 Bg7 3. Nc3 d6 4. Be3 a6 5. h4 h5 6. Nh3 Bxh3 7. Rxh3 Nd7 8. Qe2 c5
9. O-O-O Rc8 10. Kb1 Rc6 11. Qd2 b5 12. dxc5 Nxc5 13. f4 Qc8 14. Bxc5 Rxc5 15. e5
Qd7 16. Ne4 Rc6 17. Rc3 Rxc3 18. Qxc3 Kf8 19. Qa5 Bh6 20. exd6 Kg7 21. Qc3+ Nf6 22.
g3 Rc8 23. Qe5 Re8 24. Bh3 Qc6 25. d7 Rd8 26. Qxe7 Qxe4 27. Qxd8 Qf3 28. Qxf6+  1-0

[Event "36th Reykjavik op"]
[Site "Reykjavik ISL"]
[Date "2023.04.04"]
[Round "9.15"]
[White "Braun, Vitali"]
[Black "Mons, Leon"]
[WhiteElo "2356"]
[BlackElo "2514"]
[Result "0-1"]
[EventDate "2023.03.29"]
[PlyCount "56"]

1. d4 Nf6 2. c4 b6 3. Nf3 Bb7 4. g3 g6 5. Bg2 Bg7 6. O-O O-O 7. Nc3 Ne4 8. Nxe4 Bxe4
9. Bd2 d5 10. Qb3 Nc6 11. Bc3 Rb8 12. Rfd1 Na5 13. Bxa5 bxa5 14. Qc3 dxc4 15. Qxc4
Rxb2 16. Ne5 Bxg2 17. Kxg2 Qa8+ 18. Nc6 Bxd4 19. Rac1 Bf6 20. Kg1 Qc8 21. a4 h5 22.
Nxa7 Qf5 23. Nc6 h4 24. Rd5 Qe6 25. e4 hxg3 26. hxg3 Kg7 27. e5 Bg5 28. Rc2 Rxc2
 0-1

[Event "36th Reykjavik op"]
[Site "Reykjavik ISL"]
[Date "2023.04.04"]
[Round "9.16"]
[White "Vignesh, N. R."]
[Black "Carlsson, Ludvig"]
[WhiteElo "2513"]
[BlackElo "2375"]
[Result "0-1"]
[EventDate "2023.03.29"]
[PlyCount "184"]

1. e4 e5 2. Nf3 Nf6 3. Nxe5 d6 4. Nf3 Nxe4 5. d4 d5 6. Bd3 Bd6 7. O-O O-O 8. c4 c6
9. Nc3 Nxc3 10. bxc3 dxc4 11. Bxc4 Bf5 12. Bg5 Qa5 13. Nh4 Be6 14. Bxe6 Qxg5 15.
Nf3 Qa5 16. Bb3 Nd7 17. Qd3 g6 18. Rfe1 Rae8 19. h4 Rxe1+ 20. Rxe1 Kg7 21. g3 Qf5
22. Qxf5 gxf5 23. Bc2 f4 24. g4 Nf6 25. g5 Nd5 26. c4 Nb4 27. Bf5 c5 28. d5 Nxa2
29. Ra1 Nb4 30. Rxa7 Rb8 31. Nd2 Na6 32. Be4 h6 33. Nb3 Bc7 34. d6 Bxd6 35. Na5 Nb4
36. Nxb7 Bf8 37. gxh6+ Kxh6 38. Kg2 Be7 39. Na5 Re8 40. Kf3 Bxh4 41. Rxf7 Bxf2 42.
Nb7 Be3 43. Nd6 Rg8 44. Nf5+ Kg6 45. Nd6+ Kh6 46. Bh7 Rg1 47. Ke4 Rd1 48. Nf5+ Kg5
49. Rg7+ Kf6 50. Rb7 Bc1 51. Rb6+ Kg5 52. Rg6+ Kh5 53. Kf3 Rd3+ 54. Ke4 Rd1 55. Rg7
Re1+ 56. Kf3 Nd3 57. Bg6+ Kg5 58. Bh7+ Kf6 59. Rg6+ Kxf5 60. Rd6+ Ke5 61. Rxd3 Rh1
62. Rd5+ Kf6 63. Be4 Rh3+ 64. Kg2 Rg3+ 65. Kf2 Be3+ 66. Ke2 Rg7 67. Kf3 Ra7 68. Rd6+
Ke5 69. Rd5+ Ke6 70. Bf5+ Kf6 71. Bd3 Ra4 72. Rd6+ Ke5 73. Rd5+ Ke6 74. Bf5+ Ke7
75. Bd3 Ra3 76. Bf5 Rc3 77. Bd3 Bd4 78. Ke4 f3 79. Rf5 f2 80. Rf3 Kd6 81. Bf1 Rc1
82. Bd3 Kc6 83. Kf4 Kb6 84. Kg3 Ka5 85. Kg2 Rg1+ 86. Kh2 Kb4 87. Be2 Re1 88. Bd3
Rd1 89. Be2 Rg1 90. Kh3 Be3 91. Bd3 Rd1 92. Be2 Re1  0-1

[Event "36th Reykjavik op"]
[Site "Reykjavik ISL"]
[Date "2023.04.04"]
[Round "9.17"]
[White "Shyaamnikhil, P."]
[Black "Gaal, Zsoka"]
[WhiteElo "2477"]
[BlackElo "2320"]
[Result "1-0"]
[EventDate "2023.03.29"]
[PlyCount "115"]

1. d4 Nf6 2. Bg5 d5 3. e3 e6 4. Nd2 Be7 5. c3 c5 6. Ngf3 Qb6 7. Qb1 Bd7 8. a4 Nc6
9. Bd3 cxd4 10. exd4 Nh5 11. Bxe7 Nxe7 12. g3 Nf6 13. Ne5 Bc6 14. O-O O-O 15. Re1
g6 16. Ndf3 Nf5 17. Qc1 Kg7 18. a5 Qc7 19. Qf4 Rac8 20. h4 Nd6 21. Ng5 Rce8 22. g4
h5 23. Nexf7 Rxf7 24. Nxf7 Qxf7 25. Qxd6 Nxg4 26. Qg3 Rf8 27. Re2 Bd7 28. Kg2 g5
29. hxg5 e5 30. g6 Qe7 31. Rh1 e4 32. Rxh5 Qf6 33. Rh7+ Kg8 34. Rf7 Rxf7 35. gxf7+
Kxf7 36. Bc2 Nh6 37. Kf1 Bb5 38. Ke1 Bxe2 39. Kxe2 Qa6+ 40. Kd2 Nf5 41. Qf4 Kg6 42.
f3 Qf1 43. Qg4+ Kf6 44. fxe4 Qf2+ 45. Qe2 Qf4+ 46. Ke1 Ne3 47. exd5 Qg5 48. Be4 Ke7
49. Qh2 Kd7 50. Qh7+ Kd8 51. Qh8+ Kd7 52. Qe5 Qg1+ 53. Ke2 Nc4 54. Bf5+ Kd8 55. Qf6+
Ke8 56. Bg6+ Kd7 57. Qe6+ Kc7 58. Qe7+  1-0

[Event "36th Reykjavik op"]
[Site "Reykjavik ISL"]
[Date "2023.04.04"]
[Round "9.18"]
[White "Panesar, Vedant"]
[Black "Korley, Kassa"]
[WhiteElo "2348"]
[BlackElo "2468"]
[Result "1-0"]
[EventDate "2023.03.29"]
[PlyCount "133"]

1. e4 c6 2. d4 d5 3. e5 Bf5 4. Nd2 e6 5. Nb3 Nd7 6. Nf3 h6 7. Be2 Qc7 8. O-O a6 9.
Be3 Ne7 10. c3 Bh7 11. a4 Nf5 12. Bd2 g5 13. a5 Bg7 14. Ne1 c5 15. f4 c4 16. Nc1
gxf4 17. Bxf4 Bg6 18. Qd2 Rc8 19. Bd1 Nb8 20. Nf3 Nc6 21. Ba4 Kf8 22. Bxc6 Qxc6 23.
Ne2 Ke8 24. Be3 h5 25. Bg5 Rg8 26. Nf4 Bf8 27. Rf2 Rc7 28. Qe2 Kd7 29. Nh4 Nxh4 30.
Bxh4 Kc8 31. Nxh5 Bh6 32. Nf6 Bd3 33. Qf3 Rg6 34. b4 Kb8 35. Bg3 Rc8 36. Bf4 Bg7
37. h4 Bxf6 38. exf6+ Ka8 39. Bg5 Rcg8 40. Qf4 Rh8 41. g4 Qd7 42. h5 Rgg8 43. Rg2
Be4 44. Rg3 Qe8 45. Bh6 e5 46. dxe5 Rxh6 47. Qxh6 Qxe5 48. Qe3 Qxf6 49. g5 Qh8 50.
h6 Qh7 51. b5 axb5 52. a6 b6 53. Qxb6 d4 54. Qxd4 Bc6 55. Re1 Qg6 56. Qc5 Rc8 57.
Re7 Qb1+ 58. Kf2 Qb2+ 59. Re2 Qc1 60. Qf5 Rd8 61. Qf6 Rc8 62. Rh3 Qa3 63. h7 Qc5+
64. Ree3 Qd5 65. h8=Q Qg2+ 66. Ke1 Qg1+ 67. Qf1  1-0

[Event "36th Reykjavik op"]
[Site "Reykjavik ISL"]
[Date "2023.04.04"]
[Round "9.19"]
[White "Panchanathan, Magesh Chandran"]
[Black "Sarkar, Justin"]
[WhiteElo "2460"]
[BlackElo "2338"]
[Result "1-0"]
[EventDate "2023.03.29"]
[PlyCount "103"]

1. c4 e5 2. Nc3 Nf6 3. Nf3 Nc6 4. g3 Bb4 5. Nd5 e4 6. Nxb4 Nxb4 7. Nd4 O-O 8. Bg2
d5 9. Nc2 Nxc2+ 10. Qxc2 d4 11. d3 exd3 12. Qxd3 Ng4 13. Bf4 g5 14. Bd2 Ne5 15. Qb3
Be6 16. Bd5 Bxd5 17. cxd5 d3 18. O-O-O a5 19. e4 Ng4 20. Rdf1 Qe7 21. f3 Ne5 22.
Kb1 b5 23. Qxb5 Rab8 24. Qa4 Qc5 25. Rc1 Qb6 26. Qa3 Nxf3 27. Bxa5 Qd4 28. Rcd1 d2
29. Qc3 Qxe4+ 30. Qc2 Qxd5 31. Bxd2 Ra8 32. a3 Nxd2+ 33. Qxd2 Qb5 34. Qd5 Rfb8 35.
Qxb5 Rxb5 36. Ka2 Rab8 37. Rd2 h5 38. Rc1 c5 39. Rcc2 Kg7 40. Rd5 Kg6 41. Rdxc5 Rxc5
42. Rxc5 f5 43. Rc6+ Kg7 44. a4 f4 45. gxf4 gxf4 46. Ka3 f3 47. Rc1 Kg6 48. Rf1 Rf8
49. b4 Kg5 50. b5 Kg4 51. b6 f2 52. a5  1-0

[Event "36th Reykjavik op"]
[Site "Reykjavik ISL"]
[Date "2023.04.04"]
[Round "9.20"]
[White "Domalchuk-Jonasson, Aleksandr"]
[Black "Willow, Jonah"]
[WhiteElo "2318"]
[BlackElo "2459"]
[Result "1-0"]
[EventDate "2023.03.29"]
[PlyCount "97"]

1. d4 Nf6 2. c4 e6 3. Nc3 Bb4 4. Qc2 d5 5. cxd5 exd5 6. Bf4 Nc6 7. e3 O-O 8. Bd3
Bd6 9. Bxd6 Qxd6 10. a3 Re8 11. Nge2 a6 12. h3 g6 13. O-O Ne7 14. b4 Bf5 15. Nf4
c6 16. a4 b5 17. Bxf5 Nxf5 18. Nd3 Nd7 19. Ra2 Nb6 20. Rfa1 Qf8 21. Nc5 Nd6 22. Qd1
f5 23. Ne2 Ne4 24. axb5 axb5 25. Ra6 Rxa6 26. Rxa6 Rb8 27. Nf4 Qc8 28. Nfe6 Na4 29.
Ra7 Nexc5 30. dxc5 Rb7 31. Rxb7 Qxb7 32. Qd4 Qe7 33. Nf4 g5 34. Nh5 h6 35. g4 fxg4
36. hxg4 Qf7 37. Qe5 Kh7 38. Nf6+ Kg6 39. Qf5+ Kg7 40. Nh5+ Kf8 41. Qe5 Qg6 42. Nf6
Kf7 43. Ne8 Qb1+ 44. Kh2 Qb2 45. Nd6+ Kg8 46. Qe6+ Kh7 47. Qf5+ Kh8 48. Nf7+ Kg7
49. Ne5  1-0

[Event "36th Reykjavik op"]
[Site "Reykjavik ISL"]
[Date "2023.04.04"]
[Round "9.21"]
[White "Rakotomaharo, Fy Antenaina"]
[Black "Heurtebize, Olivier"]
[WhiteElo "2448"]
[BlackElo "2269"]
[Result "1-0"]
[EventDate "2023.03.29"]
[PlyCount "65"]

1. e4 c5 2. Nf3 e6 3. d4 cxd4 4. Nxd4 a6 5. a3 Nf6 6. Nc3 Qc7 7. g4 h6 8. h4 g6 9.
Qf3 Be7 10. g5 Nh5 11. gxh6 Nc6 12. Be3 Ne5 13. Qg2 Nc4 14. Bxc4 Qxc4 15. O-O-O b5
16. Rd3 Bb7 17. Rhd1 Rc8 18. Nf3 Bf6 19. Ng5 b4 20. Nxf7 Kxf7 21. Rxd7+ Be7 22. Rxb7
bxc3 23. b3 Qc6 24. Rxe7+ Kxe7 25. Qxg6 Qe8 26. Qg5+ Kf8 27. Bc5+ Rxc5 28. Qxc5+
Kg8 29. Qc7 Rh7 30. Rg1+ Kf8 31. Qc5+ Qe7 32. Qc8+ Qe8 33. Rg8+  1-0

[Event "36th Reykjavik op"]
[Site "Reykjavik ISL"]
[Date "2023.04.04"]
[Round "9.22"]
[White "Hommer, Jeremy"]
[Black "Wadsworth, Matthew"]
[WhiteElo "2251"]
[BlackElo "2439"]
[Result "0-1"]
[EventDate "2023.03.29"]
[PlyCount "182"]

1. d4 d5 2. c4 c6 3. cxd5 cxd5 4. Bg5 Qb6 5. Nc3 e6 6. Qd2 Nc6 7. e4 dxe4 8. Bb5
Bb4 9. Nge2 Nf6 10. Bxf6 gxf6 11. a3 Qxb5 12. axb4 Qg5 13. b5 Nb4 14. Nxe4 Qxd2+
15. Kxd2 f5 16. N4c3 a5 17. bxa6 bxa6 18. Nf4 Bb7 19. Ra4 a5 20. Rc1 Bc6 21. Ra3
Ke7 22. g3 Rhd8 23. Ke3 f6 24. Nfe2 e5 25. f4 Kf7 26. Na2 exd4+ 27. Nxd4 Nd5+ 28.
Kf2 Be8 29. Rd3 Rab8 30. Rd2 Nb4 31. Nc3 Nc6 32. Nce2 Rb4 33. Ke3 Nxd4 34. Nxd4 a4
35. Rc7+ Rd7 36. Rxd7+ Bxd7 37. Kd3 Be6 38. Nxe6 Kxe6 39. Kc2 Re4 40. Kb1 h5 41.
Rf2 h4 42. gxh4 Kf7 43. Ka2 Kg6 44. b3 axb3+ 45. Kxb3 Kh5 46. Kc2 Kxh4 47. Kd3 Kg4
48. Rf1 Ra4 49. Rf2 Ra3+ 50. Kd4 Rf3 51. Rxf3 Kxf3 52. Kd5 Kxf4 53. Ke6 Ke4 54. h4
f4 55. h5 f3 56. h6 f2 57. h7 f1=Q 58. h8=Q Qc4+ 59. Kd6 Qd4+ 60. Ke6 Qd5+ 61. Ke7
f5 62. Qh1+ Ke5 63. Qh8+ Kf4 64. Qh4+ Ke3 65. Qe1+ Kd3 66. Qd1+ Kc4 67. Qc1+ Kb4
68. Qb1+ Kc5 69. Qc2+ Kd4 70. Kf6 Qe5+ 71. Kg5 Qg7+ 72. Kh5 Qg4+ 73. Kh6 f4 74. Qf2+
Kd3 75. Qf1+ Kd2 76. Qf2+ Kd3 77. Qf1+ Ke3 78. Qc1+ Kf2 79. Qd2+ Kf1 80. Qc1+ Kg2
81. Qd2+ Kh3 82. Qc1 Qe6+ 83. Kg5 Qe5+ 84. Kg6 Qe3 85. Qh1+ Kg3 86. Kf5 Qc5+ 87.
Kg6 f3 88. Qf1 Qd6+ 89. Kh5 Qe5+ 90. Kg6 Qe2 91. Qc1 f2  0-1

[Event "36th Reykjavik op"]
[Site "Reykjavik ISL"]
[Date "2023.04.04"]
[Round "9.23"]
[White "Hoffmann, Sebastian"]
[Black "Ramoutar, Alan-Safar"]
[WhiteElo "2108"]
[BlackElo "2425"]
[Result "1-0"]
[EventDate "2023.03.29"]
[PlyCount "153"]

1. d4 d5 2. c4 e6 3. Nc3 c6 4. e4 dxe4 5. Nxe4 Bb4+ 6. Nc3 e5 7. Be3 exd4 8. Qxd4
Qxd4 9. Bxd4 Nf6 10. Nge2 Nbd7 11. Ng3 O-O 12. Be2 Re8 13. O-O Bc5 14. Rad1 a5 15.
Na4 Bxd4 16. Rxd4 g6 17. Rfd1 Kg7 18. f4 Rb8 19. Bf3 Nf8 20. Ne4 Nxe4 21. Rxe4 Rxe4
22. Bxe4 Bg4 23. Rd2 Re8 24. Nc3 Nd7 25. Kf2 Nc5 26. Bf3 Be6 27. b3 f5 28. g3 Kf6
29. Rd4 Ke7 30. Ke3 Ra8 31. Be2 Ra6 32. Rd2 Ra8 33. Rd4 Bd7 34. Rd2 Re8 35. Kf3 Kd8
36. Kf2 Kc7 37. Bd1 Be6 38. Bc2 Rb8 39. Ke3 b5 40. cxb5 cxb5 41. Bd1 b4 42. Nd5+
Bxd5 43. Rxd5 Kb6 44. Rd6+ Kc7 45. Rd5 Re8+ 46. Kd4 Ne4 47. Bf3 Kb6 48. Bxe4 Rxe4+
49. Kd3 Re1 50. Rd6+ Kc5 51. Ra6 Kb5 52. Ra7 Ra1 53. Rb7+ Kc5 54. Rc7+ Kd5 55. Rd7+
Ke6 56. Rxh7 Rxa2 57. Rh8 Rf2 58. Re8+ Kf7 59. Re2 Rf3+ 60. Re3 Rf1 61. Re2 Rf3+
62. Re3 Rf2 63. Re2 Rxe2 64. Kxe2 Ke6 65. Kd3 Kd5 66. h3 Kc5 67. g4 fxg4 68. hxg4
Kd5 69. f5 g5 70. Ke3 Kc5 71. Ke4 a4 72. bxa4 Kc4 73. Ke3 Kc3 74. f6 b3 75. f7 b2
76. f8=Q b1=Q 77. Qc8+  1-0

[Event "36th Reykjavik op"]
[Site "Reykjavik ISL"]
[Date "2023.04.04"]
[Round "9.24"]
[White "Kjartansson, Gudmundur"]
[Black "Baasansuren, Erdene"]
[WhiteElo "2402"]
[BlackElo "2232"]
[Result "1/2-1/2"]
[EventDate "2023.03.29"]
[PlyCount "107"]

1. c4 e6 2. Nc3 d5 3. d4 Nf6 4. cxd5 exd5 5. Bg5 c6 6. e3 h6 7. Bh4 Be7 8. Bd3 Nbd7
9. Qc2 Nh5 10. Bxe7 Qxe7 11. O-O-O Nb6 12. Kb1 Nf6 13. Nf3 Bg4 14. h3 Bxf3 15. gxf3
g6 16. h4 O-O-O 17. Ne2 Kb8 18. f4 Nc8 19. h5 gxh5 20. Ng3 Nd6 21. Nxh5 Nfe4 22.
f3 Nf6 23. Nxf6 Qxf6 24. Rh5 Rde8 25. Qf2 Re6 26. Rdh1 Qe7 27. Re5 f6 28. Rxe6 Qxe6
29. Kc1 f5 30. b3 Rg8 31. Kd2 Kc7 32. Rh2 Rg6 33. Qh4 Kd7 34. a4 b6 35. Ke2 c5 36.
Kf2 Qf7 37. Kf1 Qg7 38. Qf2 Re6 39. Bb5+ Kd8 40. Rg2 Rg6 41. Rxg6 Qxg6 42. Qh4+ Kc8
43. Qe7 Nxb5 44. axb5 cxd4 45. exd4 h5 46. Kf2 h4 47. Qxh4 Qg7 48. Qg5 Qxd4+ 49.
Kg2 Qd3 50. Qg8+ Kd7 51. Qf7+ Kd6 52. Qf8+ Kd7 53. Qf7+ Kd6 54. Qf8+  1/2-1/2

[Event "36th Reykjavik op"]
[Site "Reykjavik ISL"]
[Date "2023.04.04"]
[Round "9.25"]
[White "Briem, Stephan"]
[Black "Gajewski, Grzegorz"]
[WhiteElo "2142"]
[BlackElo "2587"]
[Result "0-1"]
[EventDate "2023.03.29"]
[PlyCount "58"]

1. d4 Nf6 2. c4 e6 3. Nc3 Bb4 4. Bd2 d5 5. e3 O-O 6. Nf3 Nbd7 7. Rc1 Be7 8. cxd5
exd5 9. Bd3 c6 10. O-O Bd6 11. h3 Re8 12. Qc2 Qe7 13. Rce1 Ne4 14. Bc1 Ndf6 15. Nd2
Nxd2 16. Bxd2 Ne4 17. Nxe4 dxe4 18. Bc4 Bxh3 19. f4 Be6 20. a4 Rad8 21. b4 a6 22.
Rb1 Rc8 23. Rfc1 Bxc4 24. Qxc4 b5 25. axb5 axb5 26. Qc3 h5 27. Ra1 h4 28. Ra6 Qd7
29. Rxc6 Bxb4  0-1